| Поле | Инд. | ПП | Название | Значение |
|---|---|---|---|---|
| Тип записи | a | |||
| Библиографический уровень | a | |||
| 001 | Контрольный номер | 7e1a55e91c174776b0cf22881cf8fdd6 | ||
| 005 | Дата корректировки | 20200218152752.7 | ||
| 040 | a | Служба первич. каталог. | НБ ТвГУ | |
| b | Код языка каталог. | rus | ||
| e | Правила каталог. | PSBO | ||
| 041 | 0_ | a | Код языка текста | rus |
| 097 | b | Оператор | Komarova.ES | |
| 100 | 1_ | a | Автор | Щедринова Оксана Николаевна |
| q | Полное имя | Щедринова О. Н. | ||
| 245 | 11 | a | Заглавие | «Космический ветер» Серебряного века в сюжетах А. И. Куприна |
| 260 | a | Место издания | Тверь | |
| 504 | a | Библиография | Библиогр.: с. 33 (7 назв.) | |
| 520 | 0_ | a | Аннотация | В работе рассматривается своеобразие культуры Серебряного века с точки зрения особенностей философской, художественной и естественнонаучной мысли эпохи. Особенности творчества А. И. Куприна анализируются в контексте идей эпохи. Утверждается мысль о том, что произведения Куприна зеркально соотносятся с общим дискурсом фундаментальных положений современной ему философии, в частности с положениями русского космизма. |
| 653 | 0_ | a | Ключевые слова | Санкт-Петербург, город |
| a | Ключевые слова | Серебряный век | ||
| a | Ключевые слова | Культура | ||
| a | Ключевые слова | Философия | ||
| a | Ключевые слова | Космизм | ||
| a | Ключевые слова | Творчество | ||
| 773 | 18 | w | Контрольный № источника | fabc2be23e5d47e391cfd7c9f0a8c109 |
| t | Название источника | Родная словесность в современном культурном и образовательном пространстве | ||
| d | Место и дата издания | Тверь, 2019 | ||
| g | Прочая информация | Вып. 9 (15). - С. 28-33 | ||
| 856 | 40 | u | URL | http://texts.lib.tversu.ru/texts/148753t.pdf |
| x | Примечание для ЭОР | Справка УИС 2019 | ||
| x | Примечание для ЭОР | Реестр суммарного учета сетевых локальных документов | ||
| i | Дата подключения ЭОР | 20200218 | ||
| 901 | t | Тип документа | a | |
| 920 | a | Оператор | Кома | |
| 954 | b | Дата поступления в ОК | 20200212 |